000 01501nam0a2200373 4500
001 RU\NLR\bibl\302920
005 20260407080738.0
010 _a5-7801-0233-3
021 _aRU
_b2002-21040
_91058
035 _a(NLR Aleph) 000298099
090 _a1746235
_c1746235
100 _a20020828d2002 |||y0rusy50 ca
101 0 _arus
102 _aRU
105 _aa |||||||||
200 1 _aЭлектрические машины, аппаратура управления и защиты, товары народного потребления, запасные части
_eНоменклатур. кат.
_fЗАО "Динамо-плюс"
210 _aМ.
_cИнформэлектро
_d2002
215 _a111,[1] с.
_cил.
_d30
606 0 _aЭлектрооборудование
_jКаталоги
_91250152
_3RU\NLR\auth\66194683
606 0 _aЭлектрические машины
_jКаталоги
_91326357
_3RU\NLR\auth\66236028
610 0 _aЭлектрооборудование - Каталоги
675 _a621.313(085.2)
_v3
_zrus
686 _a44
_2rugasnti
686 _a31.261
_2rubbk
686 _aЗ26я26
712 0 2 _4570
_a"Динамо-Плюс", закрытое акционерное общество
_cМосква
_3RU\NLR\AUTH\8810041134
_9581482
801 0 _aRU
_bRKP
_c20020828
_gPSBO
801 1 _aRU
_bRKP
_c20020828
801 2 _aRU
_bNLR
_c20030303
_grcr
852 _aNLR
_jПт 20.6/114
942 _cBOOK
980 _aNB